000 00360nam a22001577a 4500
003 CEME
005 20210628205253.0
008 210225b xxu||||| |||| 00| 0 eng d
040 _c.
082 _a297.122 GHA'A
100 _aGhazanvi, Khalid
_921031
245 _aAllah-o-tabiboo
260 _aLAHORE
_bALFAISAL
_c1996
300 _a112P
942 _cBK
_2ddc
999 _c580192
_d580192